Synthesis and photocatalytic activity of natural rubber/titanates nanocomposite (Record no. 70139)
[ view plain ]
| 000 -LEADER | |
|---|---|
| fixed length control field | 01317nam a2200241Ia 4500 |
| 100 ## - MAIN ENTRY--AUTHOR NAME | |
| Personal name | Tan K S |
| 245 #0 - TITLE STATEMENT | |
| Title | Synthesis and photocatalytic activity of natural rubber/titanates nanocomposite |
| 260 ## - PUBLICATION, DISTRIBUTION, ETC. (IMPRINT) | |
| Name of publisher | Journal of Rubber Research |
| Year of publication | 2011 |
| 300 ## - PHYSICAL DESCRIPTION | |
| Number of Pages | 139-150 |
| 500 ## - GENERAL NOTE | |
| General note | Source Year: 2011 |
| 520 ## - SUMMARY, ETC. | |
| Summary, etc | One dimensional (1-D) sodium titanate nanoparticles have been synthesised using a hydrothermal reaction. The photocatalytic properties of natural rubber (NR) based nanocomposite containing sodium titanate are presented. Rhodamine B (RhB) was used as the target organic material for photocatalysis studies. The degradation of RhB molecules was monitored using a fluoremeter, based on the fluorescent emission counts of RhB sample solution subjected to ultraviolet (UV) light irradiation. The nanocomposite was photocatalytically active and the RhB degradation efficiency largely depends on the crystal phase of titanates and the distribution of photocatalysts on the NR surface. |
| 650 ## - SUBJECT ADDED ENTRY--TOPICAL TERM | |
| Topical Term | Crystal structure |
| 650 ## - SUBJECT ADDED ENTRY--TOPICAL TERM | |
| Topical Term | Fluorescent |
| 650 ## - SUBJECT ADDED ENTRY--TOPICAL TERM | |
| Topical Term | Nanocomposite |
| 650 ## - SUBJECT ADDED ENTRY--TOPICAL TERM | |
| Topical Term | Natural rubber |
| 650 ## - SUBJECT ADDED ENTRY--TOPICAL TERM | |
| Topical Term | Photocatalysis |
| 650 ## - SUBJECT ADDED ENTRY--TOPICAL TERM | |
| Topical Term | Rhodamine B |
| 650 ## - SUBJECT ADDED ENTRY--TOPICAL TERM | |
| Topical Term | Sodium titanate |
| 650 ## - SUBJECT ADDED ENTRY--TOPICAL TERM | |
| Topical Term | UV degradation |
| 700 ## - ADDED ENTRY--PERSONAL NAME | |
| Personal name | Riley J |
| 942 ## - ADDED ENTRY ELEMENTS (KOHA) | |
| Koha item type | Journals |
| Withdrawn status | Lost status | Damaged status | Not for loan | Home library | Current library | Shelving location | Date acquired | Serial Enumeration / chronology | Koha item type |
|---|---|---|---|---|---|---|---|---|---|
| Journals | RRII Library | RRII Library | Rubber technology | 11/11/2011 | Volume 14, Issue 3 | Journals |